Score 0/15 Timer 03:00
0 Plays Today
Number Cereal Name % Correct
Froot Loops
95.1%
(Sugar) Frosted Flakes
91.2%
Lucky Charms
91%
Cheerios
90.4%
Frosted Mini-Wheats
77.7%
Apple Jacks
77.2%
Fruity Pebbles
76.5%
Cookie Crisp
73.5%
Number Cereal Name % Correct
Cinnamon Toast Crunch
69.8%
Cap'n Crunch (Crunch Berries)
65.5%
Trix
61.4%
Corn Pops
54.7%
Golden Grahams
51.6%
Count Chocula
49.5%
Reese's Puffs
47.1%
Remove Ads.
Support Sporcle.
Get the best of Sporcle when you Go Orange. This ad-free experience offers more features, more stats, and more fun while also helping to support Sporcle. Thank you for becoming a member.

You're not logged in!

Compare scores with friends on all Sporcle quizzes.
OR
Log In

Show Comments

Extras

Top Quizzes Today


Score Distribution

Your Account Isn't Verified!

In order to create a playlist on Sporcle, you need to verify the email address you used during registration. Go to your Sporcle Settings to finish the process.

Report this User

Report this user for behavior that violates our Community Guidelines.

Details: